Riešenie vybraných problémov manipulácie v robotizovanom pracovisku s využitím simulačného softvéru

Na minha lista:
Detalhes bibliográficos
Autor principal: Obrtáčová, Simona (Author)
Outros Autores: Králik, Marián (Thesis advisor)
Formato: Manuscrito Livro
Idioma:eslovaco
Publicado em: 2020
Assuntos:
Acesso em linha:http://is.stuba.sk/zp/portal_zp.pl?podrobnosti=150506
Tags: Adicionar Tag
Sem tags, seja o primeiro a adicionar uma tag!

MARC

LEADER 00000ntm a22000003a 4500
001 stuzp80127
003 SK-STU
005 20200711210744.5
007 ta
008 150427s2015----xo-----f-mn---000-0-slo-d
040 |a STU  |b slo 
041 0 |a slo 
100 1 |a Obrtáčová, Simona  |u 020070  |k Z4  |4 aut  |U SjF Strojnícka fakulta  |T SjF Ústav výrobných systémov, enviromentálnej techniky a manažment kvality  |X 81381  |U J0070  |Y 804  |7 81381 
242 0 1 |a Solution of selected problems of manipulation in robotized manufacturing cell using simulation software  |y eng 
245 1 0 |a Riešenie vybraných problémov manipulácie v robotizovanom pracovisku s využitím simulačného softvéru 
260 |c 2020 
650 4 |a industrial robot simulation  |2 eng 
650 4 |a conceptual design of modular conveyor  |2 eng 
650 4 |a ABB RobotStudio  |2 eng 
650 4 |a conceptual design of grippers  |2 eng 
650 4 |a simulácie priemyselného robota  |2 slo 
650 4 |a ideový návrh modulárneho dopravníka  |2 slo 
650 4 |a ABB RobotStudio  |2 slo 
650 4 |a ideový návrh chápadiel  |2 slo 
700 1 |a Králik, Marián  |u 020070  |k Z1  |4 ths  |U SjF Strojnícka fakulta  |T SjF Ústav výrobných systémov, enviromentálnej techniky a manažment kvality  |X 2483  |U J0070  |Y 804  |7 A000002483 
856 4 |u http://is.stuba.sk/zp/portal_zp.pl?podrobnosti=150506